000 00531nam a2200133Ia 4500
005 20260209120147.0
008 260209s9999||||xx |||||||||||||| ||und||
100 _aOnmichon Ramrar
245 0 _aInvestigating the nexus between crime and morality : the role of the state in the creation of “deviant” behaviour
260 _aBangaloreBangalore
_bNLSIU, Bangalore
_c2023
300 _a56 p. ; 25 cm.
700 _aDr. Ashna Singh - SupervisorDr. Ashna Singh - Supervisor
856 _uhttps://dans.nls.ac.in/handle/123456789/1209
999 _c217603
_d217603